Statistics for Country Logic Puzzle by Scambigol #12

Click here to take the quiz!

General Stats

  • This quiz has been taken 55 times
  • The average score is 22 of 24

Answer Stats

Country % Correct
Marshall Islands
94%
New Zealand
94%
Papua New Guinea
94%
Qatar
94%
FS Micronesia
94%
Yemen
94%
Dominican Republic
94%
Brazil
91%
Colombia
91%
Rwanda
91%
Saudi Arabia
91%
Uruguay
91%
Tanzania
91%
Oman
91%
Grenada
91%
Jamaica
91%
Italy
91%
Vatican City
91%
Austria
91%
Zambia
91%
Haiti
91%
Liechtenstein
88%
Ecuador
88%
Kenya
88%

Score Distribution

Percentile by Number Answered

Percent of People with Each Score

Your Score History

You have not taken this quiz